00914 2200325 4500001002100000005001500021035002000036007000300056040001700059100002100076245010600097250001200203300004000215504002500255020002200280041000800302082000800310084001400318090001900332264003600351336002100387337003000408338002300438650001200461700003400473850001000507008004100517990001500558990001500573INLIS00000000000634420260418105633 a0010-0322000588ta aSBPUPADbInd0 aIlyasePengarang1 aBuku Pintar Pramuka :bUntuk Tingkat Siaga, Penggalang, Penegak, Pandega /cIlyas, Qoni, Editor, Qoni a.-Cet.1 aix, 260 hlm. :bilus. ;c12,6x19 cm aBibliografi, hal 259 a978-602-9434-53-8 aInd a369 a369 ILY b a369 ILY b 13-4 a.--Yogyakarta :bFamilia,c2012 2rdacontentaTeks 2rdamediaaTanpa Perantara 2rdacarrieravolume 4aPramuka aQoni, Editor, QoniePengarang aPUPAD260418 0  a853/B/2013 a852/B/2013